000 00302nam a22001217a 4500
008 180605b xxu||||| |||| 00| 0 eng d
041 _aeng
080 _a043.3
100 _a0
101 _aSHKI-MTH
245 _aShërbimi Kualitativ në Routing Protokol AD-HOC Rrjetë
_cHasani,G.P
942 _2udc
_cBK
999 _c46305
_d46305